| 000 | 01492nam0a22002891 4500 | ||
|---|---|---|---|
| 001 | rc\3242138 | ||
| 005 | 20250609194831.0 | ||
| 021 |
_aRU _b[72-95943] |
||
| 035 | _a(NLR Aleph) 007476116 | ||
| 090 |
_a7466601 _c7466601 |
||
| 100 | _a20130115d1972 |||y0rusy50 ca | ||
| 101 | 0 | _arus | |
| 102 | _aRU | ||
| 105 | _ay z ||||| | ||
| 200 | 1 |
_aХимиопрофилактика и химиотерапия гриппа _eМатериалы Первого Всесоюз. симпозиума по химио-профилактике и химиотерапии гриппа. Ленинград, 23-25 июня 1971 г. _fПод ред. [и с предисл.] акад., проф. А.А. Смородинцева и проф. Д.М. Злыдникова _gМ-во здравоохранения СССР. Всесоюз. науч.-исслед. ин-т гриппа |
|
| 210 |
_aЛенинград _cБ. и. _d1972 |
||
| 215 |
_a198 с. _d22 |
||
| 606 |
_aГрипп _xПрофилактика и борьба _jСборники _2psbo |
||
| 702 | 1 |
_aСмородинцев _bА.А. _gАнатолий Александрович _4340 _4080 |
|
| 702 | 1 |
_aЗлыдников _bД.М. _4340 _4080 |
|
| 712 | 1 | 2 | _aВсесоюзный симпозиум по химиопрофилактике и химиотерапии гриппа (1; 1971; Ленинград) |
| 801 | 0 |
_aRU _bNLR _gpsbo |
|
| 801 | 1 |
_aRU _bELAR _2rusmarc |
|
| 852 |
_aNLR _j72-5/4626 |
||
| 942 | _cBOOK | ||
| 980 | _aNB | ||